The 2nd IFAC/IFIP Symposium on Software for Computer Control. Preprints Vol I : SOCOCO Prague, Czechoslovakia June 11-15, 1979

Na minha lista:
Detalhes bibliográficos
Formato: Livro
Idioma:inglês
Publicado em: Praha : Československá akademie věd, 1979
Tags: Adicionar Tag
Sem tags, seja o primeiro a adicionar uma tag!

MARC

LEADER 00000nam a22000003a 4500
001 stu265746
005 20150408182321.6
008 130422s--------cs------------------eng-d
040 |a STU  |b slo 
041 0 |a eng 
044 |a cs 
245 |a The 2nd IFAC/IFIP Symposium on Software for Computer Control. Preprints Vol I :  |b SOCOCO Prague, Czechoslovakia June 11-15, 1979 
260 |a Praha :  |b Československá akademie věd,  |c 1979 
300 |a 200 s 
996 |c I*Z2468  |l I  |s A  |a 24  |w stu265746_0001